Bravo's 100 Scariest Movie Moments Quiz Stats

 Plays Quiz not verified by Sporcle

Score 0/100 Timer 12:00
0 Plays Today
Number Movie % Correct
4Psycho
86.6%
3The Exorcist
84.3%
1Jaws
82.6%
14Halloween
81.7%
17A Nightmare on Elm Street
81%
2Alien
80.1%
6The Shining
78.9%
31Friday the 13th
78.7%
13Scream
75.2%
5The Texas Chainsaw Massacre
72.7%
27Frankenstein
71.5%
79Dracula
70.8%
7Silence of the Lambs
69.9%
9Night of the Living Dead
69.4%
96The Birds
69%
20The Ring
68.3%
35Aliens
68.1%
8Carrie
67.6%
39Dawn of the Dead
64.4%
23Rosemary's Baby
63.9%
16The Omen
63%
71The Sixth Sense
61.6%
80Poltergeist
60.2%
48The Thing
60%
47Nosferatu
59%
10028 Days Later
56.9%
30Blair Witch Project
56.7%
19Hellraiser
56%
18The Haunting
54.6%
41The Hills Have Eyes
54.4%
58Cujo
53.9%
94Child's Play
53.9%
76Evil Dead
53.7%
62The Wolf Man
52.8%
Number Movie % Correct
11Audition
51.6%
37House on Haunted Hill
51.2%
50The Last House on the Left
51.2%
12Misery
50.2%
24Suspiria
50.2%
88Invasion of the Body Snatchers
50.2%
15Freaks
50%
86Wizard of Oz
49.5%
95Jurassic Park
48.8%
33The Fly
48.6%
77Signs
48.6%
52The Phantom of the Opera
48.1%
82Terminator
47.7%
97Cat People
47%
42An American Werewolf in London
46.8%
87Black Christmas
46.5%
98Zombie
46.3%
26Seven
46.1%
22Don't Look Now
45.8%
99Creepshow
44.9%
75Candyman
44.4%
21Jacob's Ladder
43.8%
32Pet Sematary
43.5%
74Willy Wonka & The Chocolate Factory
43.5%
83The Others
43.5%
10Wait Until Dark
43.3%
57House of Wax
43.1%
81The Howling
42.8%
72Them!
42.4%
36Cape Fear
41.9%
45The Wicker Man
41.4%
69Re-Animator
41.2%
25Phantasm
41%
40Black Sunday
40.5%
Number Movie % Correct
68The Black Cat
40%
38Peeping Tom
39.8%
64Near Dark
39.8%
59Fatal Attraction
39.6%
78The Brood
39.4%
90Night of the Hunter
39.1%
63Deliverance
38.9%
34The Hitcher
38.7%
49Diabolique
38.7%
54The Changeling
38.4%
61The Devil's Backbone
38.4%
28When a Stranger Calls
38.2%
51The Dead Zone
38.2%
29Serpent and the Rainbow
37.7%
55The Vanishing
37.3%
84Blue Velvet
37%
92Village of the Damned
37%
70The Stepfather
36.8%
66The Tenant
36.6%
46The Sentinel
36.1%
85Blood and Black Lace
36.1%
73Blood Simple
35.2%
93Pacific Heights
35.2%
53Demons
34.7%
56Single White Female
34.7%
67Duel
34.7%
60The Beyond
34.5%
43It's Alive!
33.8%
44The Game
33.6%
65Marathon Man
33.6%
89Alice Sweet Alice
32.9%
91Shallow Grave
32.2%

You're not logged in!

Compare scores with friends on all Sporcle quizzes.
OR
Log In

Sporcle TV

Today on Sporcle TV


Watch our educational content, quiz creation guides, and fun videos on Sporcle TV.

Show Comments

Extras

Top Quizzes Today


Score Distribution

Your Account Isn't Verified!

In order to create a playlist on Sporcle, you need to verify the email address you used during registration. Go to your Sporcle Settings to finish the process.

Report this User

Report this user for behavior that violates our Community Guidelines.

Details: